| 000 | 00987nam a22002657a 4500 | ||
|---|---|---|---|
| 001 | 4916 | ||
| 003 | FISKH | ||
| 005 | 20241025084958.0 | ||
| 008 | 241025b cb ||||| |||| 00| 0 eng d | ||
| 020 | _a9780152842864 | ||
| 040 |
_aFISKH _beng _cFISKH _dFISKH |
||
| 050 | _aGV865.A1 | ||
| 082 | _a796.357092 | ||
| 100 |
_aGolenbock, Peter _d(1946-) |
||
| 245 |
_aTeammates / _cWritten by Peter Golenbock Designed and Illustrated by Paul Bacon |
||
| 250 | _a1990 | ||
| 260 |
_aNew York : _bSandpiper, _c1990. |
||
| 300 |
_a29 pages : _bColor illustrations ; _c22 cm |
||
| 520 | _aDescribes the racial prejudice experienced by Jackie Robinson when he joined the Brooklyn Dodgers and became the first black player in Major League baseball and depicts the acceptance and support he received from his white teammate Pee Wee Reese. | ||
| 650 |
_2Non-fiction _aBaseball _vBiography |
||
| 650 |
_2Sports _aRacism |
||
| 700 |
_aBacon, Paul _dIllustrator |
||
| 942 |
_2ddc _cBK _n0 |
||
| 999 |
_c4916 _d4916 |
||